[Event "Fortaleza Schoonenborch op"]
[Site "Fortaleza"]
[Date "2023.03.03"]
[Round "2"]
[White "Da Silva, Francisco Iran Sant"]
[Black "Gomes, Jose Roberto Severi"]
[Result "1-0"]
[WhiteElo "1825"]
[BlackElo "1799"]
[PlyCount "77"]
[EventDate "2023.03.02"]
[EventType "swiss"]
[EventRounds "6"]
[EventCountry "BRA"]
[SourceTitle "CBM 213 Extra"]
[Source "ChessBase"]
[SourceDate "2023.05.31"]
[SourceVersion "1"]
[SourceVersionDate "2023.05.31"]
[SourceQuality "1"]

1. e4 e5 2. Bc4 Nf6 3. d3 h6 4. Nc3 Bb4 5. Nge2 d6 6. 0-0 a6 7. f4 Nbd7 8. fxe5 Nxe5 9. Bb3 Bd7 10. a3 Ba5 11. d4 Ng6 12. Qd3 Bb6 13. Kh1 Qe7 14. Nd5 Nxd5 15. Bxd5 0-0 16. Bxb7 Ra7 17. Bd5 Be6 18. Nc3 Qd7 19. Be3 Ne7 20. Bc4 Bxc4 21. Qxc4 Ng6 22. Rf3 Kh8 23. Raf1 f6 24. Qd3 Ne7 25. Nd5 Nxd5 26. exd5 Raa8 27. Rh3 Qf7 28. Bxh6 Kg8 29. Bxg7 Qxg7 30. Rg3 Qxg3 31. Qxg3+ Kf7 32. Qg4 Rae8 33. c3 Rg8 34. Qh5+ Rg6 35. Qh7+ Rg7 36. Qf5 Rg6 37. g4 Kg7 38. Qd7+ Kf8 39. Qh7 1-0

[Event "Norte e Nordeste-ch U2000"]
[Site "Fortaleza"]
[Date "2022.04.17"]
[Round "5"]
[White "Da Silva, Francisco Iran Sant"]
[Black "Brandao, Marcius Gomes"]
[Result "0-1"]
[WhiteElo "1825"]
[BlackElo "1973"]
[PlyCount "92"]
[EventDate "2022.04.15"]
[EventType "swiss"]
[EventRounds "6"]
[EventCountry "BRA"]
[SourceTitle "EXT 2023"]
[Source "ChessBase"]
[SourceDate "2022.10.05"]
[SourceVersion "1"]
[SourceVersionDate "2022.10.05"]
[SourceQuality "1"]

1. e4 c5 2. Nc3 Nc6 3. Bb5 g6 4. Bxc6 dxc6 5. f4 Bg7 6. Nf3 Nf6 7. d3 0-0 8. 0-0 Bg4 9. h3 Bxf3 10. Qxf3 c4 11. Kh1 cxd3 12. cxd3 Nd7 13. Be3 Qa5 14. d4 Nb6 15. f5 Nc4 16. e5 gxf5 17. Bc1 Qd8 18. Ne2 c5 19. b3 Na5 20. Qxf5 cxd4 21. Ng3 Qd5 22. Nh5 Bxe5 23. Bh6 f6 24. Qg4+ Kf7 25. Qg7+ Ke6 26. Nf4+ Bxf4 27. Rxf4 Nc6 28. Qg4+ Kd6 29. Bxf8 Rxf8 30. Rd1 e5 31. Qg7 Qf7 32. Rg4 Ke6 33. Qh6 Rg8 34. Re4 Qg6 35. Qxg6 hxg6 36. g4 f5 37. gxf5+ gxf5 38. Rh4 Rg7 39. Rh6+ Kd5 40. Rf6 Ne7 41. Rc1 d3 42. Rc7 e4 43. Rxb7 Ke5 44. Rf8 d2 45. Rd7 e3 46. Rd3 e2 0-1

[Event "FISU World University"]
[Site "Tornelo INT"]
[Date "2020.10.28"]
[Round "9.33"]
[White "Da Silva, Francisco Iran Sant"]
[Black "Heyworth, Nicholas"]
[Result "1-0"]
[WhiteElo "1825"]
[BlackElo "1752"]
[PlyCount "73"]
[EventDate "2020.10.26"]
[EventType "team-swiss (rapid)"]
[EventRounds "9"]
[EventCountry "NET"]
[SourceTitle "CBM 199 Extra"]
[Source "ChessBase"]
[SourceDate "2021.01.31"]
[SourceVersion "1"]
[SourceVersionDate "2021.01.31"]
[SourceQuality "1"]
[WhiteTeam "Brazil V"]
[BlackTeam "New Zealand"]
[WhiteTeamCountry "BRA"]
[BlackTeamCountry "NZL"]

1. e4 c5 2. Nc3 d6 3. f4 g6 4. Bb5+ Bd7 5. Bc4 Bg7 6. Nf3 Nf6 7. d3 a6 8. 0-0 b5 9. Bb3 0-0 10. Qe1 b4 11. Nd1 Nc6 12. c3 Qc7 13. f5 gxf5 14. Qh4 fxe4 15. dxe4 Ne5 16. Nxe5 dxe5 17. Bh6 Bxh6 18. Qxh6 c4 19. Bc2 Kh8 20. Ne3 Rg8 21. Nd5 Nxd5 22. exd5 f5 23. Bxf5 Qc5+ 24. Kh1 Bxf5 25. Rxf5 Rg6 26. Rf8+ Rxf8 27. Qxf8+ Rg8 28. Qf7 bxc3 29. bxc3 e4 30. Qe6 e3 31. Re1 Rg6 32. Qe5+ Kg8 33. Rxe3 Rg7 34. Rf3 Qc8 35. Rf4 Qb7 36. Qe6+ Kh8 37. Rf8+ 1-0

[Event "FISU World University"]
[Site "Tornelo INT"]
[Date "2020.10.27"]
[Round "4.27"]
[White "Da Silva, Francisco Iran Sant"]
[Black "Da Silva Araujo, Gabriel Victor"]
[Result "0-1"]
[WhiteElo "1825"]
[BlackElo "2011"]
[PlyCount "40"]
[EventDate "2020.10.26"]
[EventType "team-swiss (rapid)"]
[EventRounds "9"]
[EventCountry "NET"]
[SourceTitle "CBM 199 Extra"]
[Source "ChessBase"]
[SourceDate "2021.01.31"]
[SourceVersion "1"]
[SourceVersionDate "2021.01.31"]
[SourceQuality "1"]
[WhiteTeam "Brazil V"]
[BlackTeam "Brazil II"]
[WhiteTeamCountry "BRA"]
[BlackTeamCountry "BRA"]

1. e4 c5 2. Nc3 Nc6 3. f4 e6 4. Bb5 Nd4 5. Nf3 Nxb5 6. Nxb5 d6 7. 0-0 Be7 8. d4 Bd7 9. a4 a6 10. Nc3 cxd4 11. Qxd4 Nf6 12. e5 dxe5 13. fxe5 Nd5 14. Nxd5 exd5 15. Qxd5 Qb6+ 16. Nd4 Be6 17. Qe4 Rd8 18. c3 Bd5 19. Qg4 0-0 20. Bh6 Qxh6 0-1

[Event "BRA-ch Universities"]
[Site "Vitoria"]
[Date "2018.06.08"]
[Round "5"]
[White "Da Silva, Francisco Iran Sant"]
[Black "Barros, Benone Gabriel Carv"]
[Result "1-0"]
[WhiteElo "1824"]
[BlackElo "1804"]
[PlyCount "61"]
[EventDate "2018.06.06"]
[EventType "swiss"]
[EventRounds "7"]
[EventCountry "BRA"]
[SourceTitle "EXT 2019"]
[Source "ChessBase"]
[SourceDate "2018.10.10"]
[SourceVersion "1"]
[SourceVersionDate "2018.10.10"]
[SourceQuality "1"]

1. e4 c5 2. Nf3 d6 3. d4 cxd4 4. Nxd4 Nf6 5. Nc3 g6 6. Be3 Bg7 7. Bc4 0-0 8. Qd2 Ng4 9. Bg5 h6 10. Bh4 Qb6 11. Nb3 Be6 12. Be2 Nc6 13. Bxg4 Bxg4 14. f3 Be6 15. 0-0-0 Rac8 16. Kb1 Ne5 17. Bf2 Qa6 18. Bd4 Rc4 19. f4 Rxd4 20. Qxd4 Nc4 21. Qd3 Rc8 22. f5 Bxc3 23. fxe6 Qa4 24. exf7+ Kf8 25. e5 Nxe5 26. Qh3 Rc6 27. bxc3 Nc4 28. Rd4 Qa3 29. Rxc4 Rxc4 30. Rf1 h5 31. Qd7 1-0